000 00602nam a22002057a 4500
005 20170530124142.0
010 _aENG-118456
020 _a9789385485060
_c540.00
035 _aEN-101988
037 _bDBAD/PUB
082 _a230
100 _aRam Swarup
245 _aHinduism and monotheistic religions /
_cby Ram Swarup ; foreword by David Frawley
260 _aNew Delhi
_bVoice Of India
_c2015
270 _a2/18,Ansari Road
_bNew Delhi
_e110002
300 _axxiii,213p.
_c22cm(pbk)
500 _aIncludes index
700 _aFrawley,David
942 _2ddc
_cEN
_mRAM
_h230
999 _c140545
_d140545